Prem Pujari / (Record no. 45110)

MARC details
000 -LEADER
fixed length control field 01268njm a22002657a 4500
005 - DATE AND TIME OF LATEST TRANSACTION
control field 20100910135428.0
006 - FIXED-LENGTH DATA ELEMENTS--ADDITIONAL MATERIAL CHARACTERISTICS--GENERAL INFORMATION
fixed length control field a|||||r|||||00| 0
007 - PHYSICAL DESCRIPTION FIXED FIELD--GENERAL INFORMATION
fixed length control field sd ammalaaahaa
008 - FIXED-LENGTH DATA ELEMENTS--GENERAL INFORMATION
fixed length control field 100907t xxu||||| |||| 00| 0 eng d
028 ## - PUBLISHER NUMBER
Publisher number 45-AE. 1270
Source Angel Recods
035 ## - SYSTEM CONTROL NUMBER
System control number GR-01884
100 ## - MAIN ENTRY--PERSONAL NAME
Personal name Kishore Kumar
9 (RLIN) 18693
245 ## - TITLE STATEMENT
Title Prem Pujari /
Statement of responsibility, etc by Kishore Kumar [and] Lata Mangeshkar; music by S.D. Burman; lyric by Neeraj
Medium [Sound recording]
246 ## - VARYING FORM OF TITLE
Title proper/short title प्रेम पुजारी / लता मंगेशकर द्वारा
260 ## - PUBLICATION, DISTRIBUTION, ETC. (IMPRINT)
Place of publication, distribution, etc Dum Dum, India
Name of publisher, distributor, etc Angel Records
Date of publication, distribution, etc 1969
300 ## - PHYSICAL DESCRIPTION
Extent 1 sound disc [Gramophone Recording]
Other physical details analog, 45 rpm ;
Dimensions 7 in. (SP)
Type of unit Gramaphone Records
500 ## - GENERAL NOTE
General note Brief record
505 ## - FORMATTED CONTENTS NOTE
Formatted contents note Side-1 शोखियों में घोला जाए (Shokhiyon men ghola jaye) (Kishore Kumar [and] Lata Mangeshkar) --Side-2 दूँगी तेनूं रेशमी रुमाल (Doongi tenoon reshami rumal) (Lata Mangeshkar and Chorus)
650 ## - SUBJECT ADDED ENTRY--TOPICAL TERM
Topical term or geographic name as entry element Classical music
General subdivision Excerpts
Geographic subdivision India
9 (RLIN) 18694
700 ## - ADDED ENTRY--PERSONAL NAME
Personal name Mangeshkar, Lata
9 (RLIN) 18695
700 ## - ADDED ENTRY--PERSONAL NAME
Personal name Burman, S.D.
9 (RLIN) 19326
700 ## - ADDED ENTRY--PERSONAL NAME
Personal name Neeraj
9 (RLIN) 19468
942 ## - ADDED ENTRY ELEMENTS (KOHA)
Source of classification or shelving scheme Dewey Decimal Classification
Item type Gramaphone Records
Holdings
Withdrawn status Lost status Source of classification or shelving scheme Damaged status Not for loan Collection code Home library Current library Date acquired Source of acquisition Total Checkouts Barcode Date last seen Copy number Price effective from Koha item type
    Dewey Decimal Classification   Not For Loan Non-fiction Central Library Central Library 10/09/2010 SED/VEN   GR-01884 10/09/2010 1 10/09/2010 Gramaphone Records

© Delhi Public Library
Hit Counter
free hit counter